01387nam a22003015i 450000100060000000300090000600500170001500800390003202000180007108000260008908000260011508000240014108000240016511100750018924501530026425000120041726001060042930000210053565100680055665100680062465100460069265100460073870000370078471001030082185200220092499900170094695201220096312155ES-MaACL20250828094147.0921030s1992 sp ||||0| spa a84-362-2753-0 a325.4(460:6)"19"(063) a325.4(469:6)"19"(063) a327(460:6)"19"(063) a327(469:6)"19"(063)2 aJornadas de Estudios Luso-Españoles (n4ª. d1991. cMérida)979510aPortugal, España y África en los últimos cien años / cIV Jornadas de Estudios Luso-Españoles, Mérida ; Hipólito de la Torre (coord.). a1ª ed. aMérida : bUniversidad Nacional de Educación a Distancia, Centro Regional de Extremadura, c1992. a338 p ; c24 cm. 4aEspaña-xColonias-zÁfrica-vCongresos y asambleas.9172142 4aPortugal-xColonias-zÁfrica-vCongresos y asambleas.9172143 4aEspaña-xRelaciones-zÁfrica.9157092 4aPortugal-xRelaciones-zÁfrica.91721301 aTorre, Hipólito de la.91107412 aUniversidad Nacional de Educación a Distancia (España). bCentro Regional de Extremadura97412 aES-MaACLjL-19448 c12155d12155 00104070aATENEOMbATENEOMcDEPO2d2008-01-17eSCl0oL-19448p1012384r2023-02-23 00:00:00w2023-02-23yMONOGRAFIA